000
00251 a2200097 4500
020
_a
9780823941346
041
_a
spa
100
_a
Theodore Link
245
_a
George Armstrong Custer, grandes personajes en la historia de los Estados Unidos
942
_c
BK
999
_c
12026
_d
12026